000 02557cam a22005417i 4500
999 _c234131
_d234131
001 18806848
003 Nust
005 20170314113845.0
008 151005s2009 enka b 001 0 eng
010 _a 2008023455
015 _aGBA898469
_2bnb
020 _a81-7648-376-1
035 _a(OCoLC)ocn229749408
040 _cASAB
042 _alccopycat
050 0 0 _aQH541.15.B56
_bB567 2009
082 0 4 _a577.68
_222
245 0 0 _abiodiversity conservation, environmental pollution and ecology
_cB.N. Pandey
250 _aVolume II
300 _a265 P
_billustrations ;
_c25 cm.
336 _atext
_btxt
_2rdacontent
337 _aunmediated
_bn
_2rdamedia
338 _avolume
_bnc
_2rdacarrier
490 1 _aCritical concepts in the environment
504 _aIncludes bibliographical references and index.
505 1 _aVolume I. History, background and concepts -- volume II. Causes and consequences of biodiversity loss 1 : development, habitat loss and invasive species -- volume III. Causes and consequences of biodiversity loss 2 : pollution, climate change and unsustainable exploitation -- volume. IV. Response to biodiversity loss -- volume V. Future directions in biodiversity conservation.
650 0 _aBiodiversity.
650 0 _aBiodiversity conservation.
650 7 _aBiodiversity.
_2fast
_0(OCoLC)fst01429860
650 7 _aBiodiversity conservation.
_2fast
_0(OCoLC)fst01429861
700 1 _aLadle, Richard J.
776 0 8 _iOnline version:
_tBiodiversity and conservation.
_dLondon ; New York : Routledge, 2009
_w(OCoLC)741967616
830 0 _aCritical concepts in the environment.
856 4 1 _3Table of contents
_uhttp://catdir.loc.gov/catdir/toc/ecip0819/2008023455.html
906 _a7
_bcbc
_ccopycat
_d2
_eepcn
_f20
_gy-gencatlg
942 _2ddc
_cBK